000 00329nam a22001457a 4500
003 SGT
082 _bR16S
100 _aSAUNDERS MARK
245 _aRESEARCH METHODS FOR BUSINESS STUDENT
250 _a5TH
260 _bDORLING KINDERSLEY PUB.
_c2016
300 _a614
650 _aCOMMERCE MANAGEMENT
942 _2ddc
_cBK
_01
999 _c15501
_d15501